00984nam a2200217 a 450000100100000000500170001000800410002704000250006808200170009310000310011024501790014125000110032026000470033130000210037850400740039953401000047370000460057304900090061995201210062899900170074900002499620200930023509.0110208s1967 ag r 000 0 spa d aDO-SdBNPbspacBNPHU axxxxxbN817c1 aNoonan Jr., John T.95129610aContraconcepción :bdesarrollo y análisis del tema a través de los canonistas y teólogos católicos /cJohn T. Noonan Jr. ; traducción Jorge L. García Venturini. a2a ed. aBuenos Aires, Argentina :bTroquel,c1967. a565 p. ;c22 cm. aIncluye referencias bibliográficas y notas al pie de las páginas. aTítulo original:tContraception, a history of it´s treatmentcHarvard University Press, 19651 aGarcía Venturini, Jorge L.,etr.951297 aBNGR 001054708MOaGRbGRcCTd2011-02-08iLF1l0oxxxxx N817cp24996-10r2020-06-25w2020-06-25y4ZPréstamo en sala c24489d24489